000 00395nam a22001577a 4500
003 OSt
008 250430b |||||||| |||| 00| 0 eng d
020 _a9789386819468
082 _a615.1 CHQ
100 _aChatterjee, Tapan Kumar
245 _aQuintessence of Pharmacovigilance
260 _aHyderabad
_bPharmamed
_c2024
300 _axiv,241
650 _aPharmacovigilance
942 _2ddc
_cBK
999 _c13472
_d13472